000 00301nam a2200109Ia 4500
008 220204s9999 xx 000 0 und d
082 _a621.315.2
_bHES
100 _aHess, L Y
245 0 _aInsulation guide for buildings and industrial processes
260 _aNew Jersey
_bNoyes Data
_c1979
942 _cBK
999 _c34632
_d34632